Administració local, administració de justícia : Barcelona, 20, 21 i 22 de setembre de 1988 Barcelona, 20, 21 i 22 de setembre de 1988
Descripción Física:
3 v. ; 376, 96, 194 p., gràf. ; 30 cm
MARC
| LEADER | 00000nam a2200000Ia 4500 | ||
|---|---|---|---|
| 001 | 13727, 13728, 13729 | ||
| 008 | 160829s9999 xx 000 0 cat d | ||
| 080 | |a M-4-26, M-4-27, M-4-28 | ||
| 245 | |a Administració local, administració de justícia : |b Barcelona, 20, 21 i 22 de setembre de 1988 | ||
| 260 | |a [Barcelona] : |b Ajuntament de Barcelona, DL 1988 | ||
| 300 | |a 3 v. ; |c 376, 96, 194 p., gràf. ; |c 30 cm | ||
| 590 | |a Bibliografia. | ||
| 590 | |a Conté: v. 1: Ponències i comunicacions; v. 2: Dossier documental; v. 3: Annex a les ponències | ||
| 650 | |a Administració local |x Dret i legislació |x Congressos |9 36198 | ||
| 650 | |a Justícia |x Administració |x Congressos |9 20786 | ||
| 710 | 1 | |a Barcelona (Catalunya). |b Ajuntament |9 50981 | |
| 866 | |a 1, 2, 3 | ||
| 901 | |a Arxiu | ||
| 942 | |n 1 | ||
| 952 | |0 0 |1 0 |4 0 |6 M426_M427_M428 |7 1 |9 41669 |a Arxiu |b Arxiu |d 2016-12-01 |l 0 |o M-4-26, M-4-27, M-4-28 |p 13727, 13728, 13729 |r 2016-12-01 00:00:00 |w 2016-12-01 |y ARXIU | ||
| 999 | |c 43559 |d 43559 | ||